000 00474nam a2200181Ia 4500
005 20250508150321.0
008 008 250505s9999 xx 000 0 eng d
037 _aTextual
040 _aFEDL
_beng
_cFEDL
041 _aeng
_2eng
084 _a612.6, PIL
_qFEDL
100 _aPilkington Roger
_9756388
245 0 _aMales and females
260 _aLondon, UK
_bDelisle
_c1948
300 _a92p.
942 _cTEXL
_h612.6, PIL
999 _c1322956
_d1322956